[Event "GER-chT U20"]
[Site "Chemnitz"]
[Date "2009.12.30"]
[Round "7.4"]
[White "Belger, Christian"]
[Black "Buchholz, Daniel"]
[Result "1-0"]
[WhiteElo "1974"]
[BlackElo "1484"]
[PlyCount "98"]
[EventDate "2009.12.27"]
[EventType "team-swiss"]
[EventRounds "7"]
[EventCountry "GER"]
[SourceTitle "EXT 2022"]
[Source "ChessBase"]
[SourceDate "2021.10.06"]
[SourceVersion "1"]
[SourceVersionDate "2021.10.06"]
[SourceQuality "1"]
[WhiteTeam "Potsdam USV U20"]
[BlackTeam "Walldorf U20"]
[WhiteTeamCountry "GER"]
[BlackTeamCountry "GER"]

1. e4 a6 2. c4 e5 3. Nf3 Nc6 4. d4 exd4 5. Nxd4 Bb4+ 6. Nc3 Nge7 7. Nxc6 Nxc6 8. Bd2 0-0 9. Be2 d6 10. 0-0 Be6 11. Rc1 a5 12. a3 Bc5 13. Nd5 Bxd5 14. exd5 Ne5 15. Bc3 Re8 16. Kh1 Qh4 17. f4 Nd7 18. g3 Qe7 19. Bd3 Bb6 20. Qc2 h6 21. Rce1 Qf8 22. b4 axb4 23. axb4 Rxe1 24. Rxe1 Re8 25. Qd2 Re7 26. Bf5 Qe8 27. Bxd7 Qxd7 28. Kg2 Qe8 29. f5 Re3 30. Rxe3 Bxe3 31. Qd3 f6 32. Kf3 Bb6 33. Qe4 Qxe4+ 34. Kxe4 Kf7 35. g4 Bg1 36. h3 b6 37. Bd4 Bxd4 38. Kxd4 Ke7 39. Ke4 Kf7 40. Kf4 g5+ 41. fxg6+ Kxg6 42. h4 h5 43. gxh5+ Kxh5 44. Kf5 Kxh4 45. Kxf6 Kg4 46. Ke6 Kf4 47. Kd7 Ke4 48. Kxc7 Kd4 49. Kxb6 Kxc4 1-0

[Event "GER-chT U20"]
[Site "Chemnitz"]
[Date "2009.12.28"]
[Round "4.4"]
[White "Rosenblatt, Marcus"]
[Black "Belger, Christian"]
[Result "1-0"]
[WhiteElo "1959"]
[BlackElo "1974"]
[PlyCount "39"]
[EventDate "2009.12.27"]
[EventType "team-swiss"]
[EventRounds "7"]
[EventCountry "GER"]
[SourceTitle "EXT 2022"]
[Source "ChessBase"]
[SourceDate "2021.10.06"]
[SourceVersion "1"]
[SourceVersionDate "2021.10.06"]
[SourceQuality "1"]
[WhiteTeam "Chemnitz USG U20"]
[BlackTeam "Potsdam USV U20"]
[WhiteTeamCountry "GER"]
[BlackTeamCountry "GER"]

1. e4 c5 2. Nf3 d6 3. d4 cxd4 4. Nxd4 Nf6 5. Nc3 g6 6. Be3 Bg7 7. f3 0-0 8. Qd2 Nc6 9. Bc4 Bd7 10. 0-0-0 Rb8 11. h4 Na5 12. Bb3 b5 13. Bh6 Bxh6 14. Qxh6 Nxb3+ 15. Nxb3 Qc7 16. h5 Be6 17. Nd4 Bc4 18. g4 e6 19. Qg5 Qe7 20. Nc6 1-0

[Event "Berlin Lichtenberger op 7th"]
[Site "Berlin"]
[Date "2008.08.17"]
[Round "2"]
[White "Paris, Gerhard"]
[Black "Belger, Christian"]
[Result "0-1"]
[WhiteElo "1696"]
[BlackElo "1969"]
[PlyCount "116"]
[EventDate "2008.08.16"]
[EventType "swiss"]
[EventRounds "9"]
[EventCountry "GER"]
[SourceTitle "CBM 126 Extra"]
[Source "ChessBase"]
[SourceDate "2008.11.05"]
[SourceVersion "1"]
[SourceVersionDate "2008.11.05"]
[SourceQuality "1"]

1. e4 c5 2. Nf3 Nc6 3. Bb5 g6 4. c4 Bg7 5. Nc3 Nf6 6. d3 0-0 7. Bg5 a6 8. Bxc6 dxc6 9. 0-0 Bg4 10. h3 Bxf3 11. Qxf3 Nd7 12. Rad1 h6 13. Be3 e5 14. Qe2 Qe7 15. f3 Rfe8 16. Bf2 Nf8 17. Na4 Ne6 18. b3 h5 19. Be3 Rab8 20. Qf2 b6 21. Qd2 a5 22. Rf2 Red8 23. Qc1 h4 24. Nb2 Nf4 25. Bxf4 exf4 26. Re2 Bd4+ 27. Kf1 Qg5 28. Qc2 Qg3 29. Rf2 Qxf2+ 30. Qxf2 Bxf2 31. Kxf2 f6 32. Ke2 Kf7 33. Rd2 Ke6 34. Nd1 b5 35. Rc2 Rdc8 36. Nf2 a4 37. bxa4 bxa4 38. Kd2 Rb4 39. Nd1 Rcb8 40. Kc3 a3 41. d4 cxd4+ 42. Kxd4 Rb2 43. Kc3 Rxc2+ 44. Kxc2 Kd6 45. Kc3 Rb1 46. Kc2 Rxd1 47. Kxd1 Kc5 48. Kc2 Kxc4 49. Kd2 c5 50. Kc2 g5 51. Kd2 Kd4 52. Kc2 c4 53. Kd2 c3+ 54. Kc2 Kc4 55. Kd1 Kd3 56. Kc1 c2 57. e5 fxe5 58. g3 hxg3 0-1

[Event "GER-ch U14"]
[Site "Willingen"]
[Date "2006.06.09"]
[Round "9"]
[White "Bart, Simon"]
[Black "Belger, Christian"]
[Result "1-0"]
[WhiteElo "1667"]
[BlackElo "1966"]
[PlyCount "41"]
[EventDate "2006.06.03"]
[EventType "swiss"]
[EventRounds "9"]
[EventCountry "GER"]
[SourceTitle "EXT 2007"]
[Source "ChessBase"]
[SourceDate "2006.11.23"]
[SourceVersion "1"]
[SourceVersionDate "2006.11.23"]
[SourceQuality "1"]

1. e4 c5 2. Nf3 Nc6 3. Bb5 g6 4. Bxc6 dxc6 5. h3 Bg7 6. d3 e5 7. Be3 b6 8. Nbd2 Ne7 9. 0-0 0-0 10. Nc4 Qc7 11. Qd2 Be6 12. Na3 f5 13. Bh6 fxe4 14. Bxg7 Kxg7 15. Ng5 Bf5 16. dxe4 Bc8 17. Qc3 Rf6 18. Nc4 Ba6 19. Nxe5 Bxf1 20. Ng4 Raf8 21. Ne6+ 1-0

[Event "GER-ch U14"]
[Site "Willingen"]
[Date "2006.06.08"]
[Round "8"]
[White "Belger, Christian"]
[Black "Marx, Joschka"]
[Result "1-0"]
[WhiteElo "1966"]
[BlackElo "1674"]
[PlyCount "77"]
[EventDate "2006.06.03"]
[EventType "swiss"]
[EventRounds "9"]
[EventCountry "GER"]
[SourceTitle "EXT 2007"]
[Source "ChessBase"]
[SourceDate "2006.11.23"]
[SourceVersion "1"]
[SourceVersionDate "2006.11.23"]
[SourceQuality "1"]

1. e4 d5 2. exd5 Qxd5 3. Nc3 Qa5 4. d4 Nf6 5. Bc4 c6 6. Nf3 Bf5 7. 0-0 e6 8. Re1 Be7 9. Bd2 0-0 10. Nd5 Qd8 11. Nxe7+ Qxe7 12. Ne5 h6 13. c3 Nbd7 14. Qf3 Nxe5 15. Rxe5 Bg6 16. Rae1 Rad8 17. Bf4 Kh8 18. Bg3 Nd7 19. R5e2 Nb6 20. Bb3 Nd5 21. Re5 Qd7 22. Bh4 Rc8 23. c4 Nb4 24. Rd1 Rfe8 25. h3 Qc7 26. Qe2 Qd7 27. f3 b5 28. cxb5 Nd5 29. Bc4 Rb8 30. bxc6 Qxc6 31. Bxd5 exd5 32. b3 Rxe5 33. Qxe5 Re8 34. Qg3 Re2 35. Re1 Rxa2 36. Qb8+ Kh7 37. Re8 Bd3 38. Rh8+ Kg6 39. Qg3+ 1-0

[Event "GER-ch U14"]
[Site "Willingen"]
[Date "2006.06.06"]
[Round "6"]
[White "Belger, Christian"]
[Black "Voelsgen, Georg"]
[Result "1/2-1/2"]
[WhiteElo "1966"]
[BlackElo "1760"]
[PlyCount "42"]
[EventDate "2006.06.03"]
[EventType "swiss"]
[EventRounds "9"]
[EventCountry "GER"]
[SourceTitle "EXT 2007"]
[Source "ChessBase"]
[SourceDate "2006.11.23"]
[SourceVersion "1"]
[SourceVersionDate "2006.11.23"]
[SourceQuality "1"]

1. e4 e5 2. Nf3 Nc6 3. d4 exd4 4. Nxd4 Nf6 5. Nxc6 bxc6 6. e5 Qe7 7. Qe2 Nd5 8. c4 Ba6 9. b3 g6 10. Qe4 f5 11. Qd4 Nb4 12. Qc3 Bg7 13. Bb2 c5 14. Nd2 0-0 15. f4 Bb7 16. a3 Qh4+ 17. Kd1 Nc6 18. g3 Qe7 19. Bg2 Rab8 20. Re1 Rfe8 21. Bxc6 Bxc6 1/2-1/2

[Event "GER-ch U14"]
[Site "Willingen"]
[Date "2006.06.05"]
[Round "4"]
[White "Belger, Christian"]
[Black "Heimann, Andreas"]
[Result "0-1"]
[WhiteElo "1966"]
[BlackElo "2136"]
[PlyCount "78"]
[EventDate "2006.06.03"]
[EventType "swiss"]
[EventRounds "9"]
[EventCountry "GER"]
[SourceTitle "EXT 2007"]
[Source "ChessBase"]
[SourceDate "2006.11.23"]
[SourceVersion "1"]
[SourceVersionDate "2006.11.23"]
[SourceQuality "1"]

1. e4 e5 2. Nf3 Nc6 3. d4 exd4 4. Nxd4 Bc5 5. Be3 Qf6 6. Nb5 Bxe3 7. fxe3 Qh4+ 8. g3 Qd8 9. Qg4 g6 10. Qf4 d6 11. Bc4 Ne5 12. 0-0 Bh3 13. Bxf7+ Kd7 14. N1c3 g5 15. Qf2 Ne7 16. Nd4 Rf8 17. Nd5 Nxd5 18. exd5 Rxf7 19. Qxf7+ Nxf7 20. Rxf7+ Kc8 21. Ne6 Bxe6 22. dxe6 b6 23. Raf1 Kb7 24. Rxh7 Qc8 25. e7 Qd7 26. Rff7 Re8 27. Rhg7 Qe6 28. Kf2 Qe4 29. Rxg5 Rxe7 30. Rxe7 Qxe7 31. h4 Qf6+ 32. Kg2 Qxb2 33. h5 Qxc2+ 34. Kh3 Qxa2 35. g4 Qb1 36. Rf5 a5 37. Kh4 a4 38. h6 a3 39. h7 Qh1+ 0-1

[Event "GER-ch U14"]
[Site "Willingen"]
[Date "2006.06.04"]
[Round "3"]
[White "Doberitz, Paul"]
[Black "Belger, Christian"]
[Result "0-1"]
[WhiteElo "1766"]
[BlackElo "1966"]
[PlyCount "70"]
[EventDate "2006.06.03"]
[EventType "swiss"]
[EventRounds "9"]
[EventCountry "GER"]
[SourceTitle "EXT 2007"]
[Source "ChessBase"]
[SourceDate "2006.11.23"]
[SourceVersion "1"]
[SourceVersionDate "2006.11.23"]
[SourceQuality "1"]

1. e4 c5 2. Nf3 Nc6 3. d4 cxd4 4. Nxd4 g6 5. Nc3 Bg7 6. Be3 Nf6 7. f3 0-0 8. Bc4 Qb6 9. Bb3 Ng4 10. Na4 Nxe3 11. Nxb6 Nxd1 12. Nxa8 Nxd4 13. Rxd1 Nxb3 14. axb3 Be5 15. Rd5 Bb8 16. Kf2 b6 17. Rhd1 d6 18. Ra1 Bb7 19. Nxb6 axb6 20. Rb5 Bc7 21. Ra7 Bc6 22. Rb4 Bb8 23. Rxe7 Rc8 24. Rxb6 Kf8 25. Rxb8 Rxb8 26. Rc7 Rb6 27. Ke3 Ke8 28. Kd4 Bd7 29. f4 Ke7 30. Kd5 Ra6 31. b4 Ra2 32. b3 Kd8 33. Rc3 Ra6 34. Rd3 Rb6 35. Kc4 Bb5+ 0-1

[Event "GER-ch U25"]
[Site "Willingen"]
[Date "2005.05.15"]
[Round "3"]
[White "Vandenbergen, Nicolas"]
[Black "Belger, Christian"]
[Result "1-0"]
[WhiteElo "2057"]
[BlackElo "1822"]
[PlyCount "111"]
[EventDate "2005.05.14"]
[EventType "swiss"]
[EventRounds "9"]
[EventCountry "GER"]
[SourceTitle "CBM 106 Extra"]
[Source "ChessBase"]
[SourceDate "2005.07.01"]
[SourceVersion "1"]
[SourceVersionDate "2005.07.01"]
[SourceQuality "1"]

1. Nc3 g6 2. e4 Bg7 3. d4 c5 4. Be3 Nf6 5. d5 d6 6. Qd2 Qa5 7. h3 Nbd7 8. f4 a6 9. Be2 b5 10. Bf3 Bb7 11. Nge2 Nb6 12. Nd1 Qxd2+ 13. Bxd2 Nc4 14. Bc1 a5 15. a4 b4 16. 0-0 Nd7 17. Rb1 Ba6 18. Re1 0-0 19. Ne3 Ndb6 20. Nxc4 Nxc4 21. Ng3 h5 22. Nf1 Rfc8 23. Ne3 Bd4 24. Kh2 Nb6 25. g4 hxg4 26. Bxg4 Rc7 27. b3 c4 28. Bb2 Bxb2 29. Rxb2 cxb3 30. cxb3 Nd7 31. Bxd7 Rxd7 32. Rc1 Bd3 33. e5 Raa7 34. Rd2 Ba6 35. Rdc2 Kf8 36. Kg3 e6 37. dxe6 fxe6 38. Ng4 Ke7 39. Nf6 dxe5 40. Nxd7 exf4+ 41. Kxf4 Rxd7 42. Rc7 Rxc7 43. Rxc7+ Kd6 44. Ra7 Bd3 45. Rxa5 Bc2 46. Rb5 Bxb3 47. Rxb4 Bd5 48. Rb6+ Kc5 49. a5 Bc4 50. Ke5 Bf1 51. h4 Bh3 52. Rb2 Bf1 53. Kxe6 Kd4 54. Kf6 Ke3 55. Kxg6 Bd3+ 56. Kg7 1-0

[Event "GER-ch U25"]
[Site "Willingen"]
[Date "2005.05.14"]
[Round "1"]
[White "Chernova, Margarita"]
[Black "Belger, Christian"]
[Result "0-1"]
[WhiteElo "1187"]
[BlackElo "1822"]
[PlyCount "60"]
[EventDate "2005.05.14"]
[EventType "swiss"]
[EventRounds "9"]
[EventCountry "GER"]
[SourceTitle "CBM 106 Extra"]
[Source "ChessBase"]
[SourceDate "2005.07.01"]
[SourceVersion "1"]
[SourceVersionDate "2005.07.01"]
[SourceQuality "1"]

1. e4 c5 2. Nf3 Nc6 3. d4 cxd4 4. Nxd4 g6 5. Nc3 Bg7 6. Be3 Nf6 7. Be2 0-0 8. f4 d6 9. Qd2 Ng4 10. 0-0-0 Nxe3 11. Qxe3 Nxd4 12. Rxd4 Bxd4 13. Qxd4 Be6 14. Qe3 Qa5 15. a3 Rac8 16. Qg3 Bc4 17. Bg4 Rc7 18. f5 b5 19. h4 b4 20. h5 g5 21. Be2 h6 22. f6 bxc3 23. Bxc4 cxb2+ 24. Kxb2 Rxc4 25. fxe7 Rb8+ 26. Ka2 Rxc2+ 27. Ka1 Qd2 28. Qb3 Ra2+ 29. Qxa2 Qc3+ 30. Qb2 Qxb2# 0-1

[Event "GER-chT U12"]
[Site "Verden"]
[Date "2004.12.29"]
[Round "6.2"]
[White "Kaiser, Philipp"]
[Black "Belger, Christian"]
[Result "0-1"]
[WhiteElo "1295"]
[BlackElo "1708"]
[PlyCount "38"]
[EventDate "2004.12.27"]
[EventType "team-swiss"]
[EventRounds "7"]
[EventCountry "GER"]
[SourceTitle "EXT 2006"]
[Source "ChessBase"]
[SourceDate "2005.11.24"]
[SourceVersion "1"]
[SourceVersionDate "2005.11.24"]
[SourceQuality "1"]

1. e4 c5 2. f4 Nc6 3. Nf3 g6 4. Bc4 Bg7 5. Nc3 e6 6. d3 Nge7 7. Be3 d5 8. Bxc5 dxc4 9. dxc4 0-0 10. Qd3 Qa5 11. Bf2 Bxc3+ 12. bxc3 Rd8 13. Qe3 b5 14. cxb5 Qxb5 15. Qc1 Ba6 16. Qe3 Rac8 17. Bh4 Qb6 18. Qc1 Kg7 19. Qa3 Qe3# 0-1

[Event "GER-chT U12"]
[Site "Verden"]
[Date "2004.12.27"]
[Round "1.2"]
[White "Belger, Christian"]
[Black "Auge, Hendrik"]
[Result "1-0"]
[WhiteElo "1708"]
[BlackElo "1408"]
[PlyCount "93"]
[EventDate "2004.12.27"]
[EventType "team-swiss"]
[EventRounds "7"]
[EventCountry "GER"]
[SourceTitle "EXT 2006"]
[Source "ChessBase"]
[SourceDate "2005.11.24"]
[SourceVersion "1"]
[SourceVersionDate "2005.11.24"]
[SourceQuality "1"]

1. e4 e5 2. Nf3 Nc6 3. d4 exd4 4. Nxd4 Nf6 5. Nxc6 bxc6 6. e5 Nd5 7. c4 Nb6 8. Nc3 Bb4 9. Bd2 d6 10. a3 Bxc3 11. Bxc3 0-0 12. Bd3 dxe5 13. 0-0 Be6 14. Qe2 Re8 15. Rad1 Qe7 16. Qxe5 f6 17. Qh5 g6 18. Qh4 Rf8 19. Rfe1 Rae8 20. Re3 g5 21. Qg3 Qg7 22. Bb4 Rf7 23. Rde1 c5 24. Bxc5 Nd7 25. Bb4 c5 26. Bf5 Rfe7 27. Bxe6+ Rxe6 28. Rxe6 Rxe6 29. Rxe6 cxb4 30. Qd6 Qg6 31. Qxb4 Ne5 32. Qb8+ Kg7 33. Qxe5 fxe5 34. Rxg6+ Kxg6 35. f3 Kf5 36. Kf2 e4 37. Ke3 exf3 38. gxf3 Ke5 39. b4 h6 40. h3 h5 41. a4 a6 42. b5 axb5 43. cxb5 Kd5 44. b6 Kc6 45. a5 Kb7 46. Ke4 Kc6 47. Kf5 1-0

[Event "GER-ch U12"]
[Site "Willingen"]
[Date "2004.06.04"]
[Round "11"]
[White "Belger, Christian"]
[Black "Jussupow, Alexander"]
[Result "1-0"]
[WhiteElo "1581"]
[BlackElo "1715"]
[PlyCount "79"]
[EventDate "2004.06.??"]
[EventType "swiss"]
[EventRounds "11"]
[EventCountry "GER"]
[SourceTitle "EXT 2005"]
[Source "ChessBase"]
[SourceDate "2004.11.15"]
[SourceVersion "1"]
[SourceVersionDate "2004.11.15"]
[SourceQuality "1"]

1. e4 d6 2. d4 Nf6 3. Nc3 e5 4. Nf3 Nbd7 5. Bc4 h6 6. dxe5 dxe5 7. 0-0 Bb4 8. Bd2 0-0 9. a3 Bd6 10. Be3 a6 11. Qe2 Qe7 12. Nd2 Nb6 13. Bb3 Ng4 14. Bxb6 cxb6 15. Nd5 Qd8 16. Rad1 Bc5 17. Nc4 Qh4 18. h3 Nxf2 19. Rxf2 Bxf2+ 20. Qxf2 Qxf2+ 21. Kxf2 Be6 22. Ncxb6 Bxd5 23. Nxd5 Rad8 24. Ne7+ Kh7 25. Rxd8 Rxd8 26. Nd5 Kg6 27. Ke3 Kg5 28. c4 f5 29. Bc2 f4+ 30. Kf3 Rc8 31. Bd3 a5 32. b3 h5 33. Be2 g6 34. b4 axb4 35. axb4 Ra8 36. c5 Ra3+ 37. Kf2 Ra2 38. b5 Rc2 39. Nc7 Rxc5 40. Ne6+ 1-0

[Event "GER-ch U12"]
[Site "Willingen"]
[Date "2004.06.04"]
[Round "10"]
[White "Frey, Alisa"]
[Black "Belger, Christian"]
[Result "0-1"]
[WhiteElo "1233"]
[BlackElo "1581"]
[PlyCount "128"]
[EventDate "2004.06.??"]
[EventType "swiss"]
[EventRounds "11"]
[EventCountry "GER"]
[SourceTitle "EXT 2005"]
[Source "ChessBase"]
[SourceDate "2004.11.15"]
[SourceVersion "1"]
[SourceVersionDate "2004.11.15"]
[SourceQuality "1"]

1. e4 c5 2. Nf3 Nc6 3. d4 cxd4 4. Nxd4 g6 5. c4 Bg7 6. Nc2 Nf6 7. Nc3 0-0 8. Be2 d6 9. 0-0 Be6 10. Ne3 Rc8 11. Rb1 Ne5 12. b3 a6 13. Bb2 Ned7 14. Ned5 Bxd5 15. exd5 Nc5 16. Bf3 Qd7 17. Qd2 b6 18. Rfe1 Rc7 19. h3 Qc8 20. Re2 Re8 21. Rbe1 Qd8 22. Ba1 Nfd7 23. Be4 f5 24. Bc2 Ne5 25. f4 Bh6 26. Qd4 Nf7 27. g3 Bg7 28. Qd1 Nd7 29. Kh2 b5 30. c5 Rxc5 31. Qd2 Qc8 32. Re3 b4 33. Rf1 Bxc3 34. Bxc3 Rxc3 35. Rxc3 Qxc3 36. Qxc3 bxc3 37. Rf3 Nb6 38. Kg2 Nxd5 39. Kf2 Rc8 40. a3 Kg7 41. Ke2 Kf6 42. Kd3 e5 43. Ke2 e4 44. Rf1 Nb6 45. Rd1 d5 46. Ke3 Nd6 47. g4 Nb5 48. g5+ Ke6 49. a4 Na3 50. Rc1 Nxc2+ 51. Rxc2 Nxa4 52. bxa4 Rc4 53. a5 d4+ 54. Kf2 Rb4 55. h4 Rb2 56. Re2 d3 57. Rxb2 cxb2 58. h5 b1Q 59. h6 Qc2+ 60. Kg3 Qe2 61. Kh3 Qf3+ 62. Kh2 d2 63. Kg1 d1Q+ 64. Kh2 Qdh1# 0-1

[Event "GER-ch U12"]
[Site "Willingen"]
[Date "2004.06.03"]
[Round "9"]
[White "Belger, Christian"]
[Black "Guennigmann, Manuel"]
[Result "1/2-1/2"]
[WhiteElo "1581"]
[BlackElo "1383"]
[PlyCount "72"]
[EventDate "2004.06.??"]
[EventType "swiss"]
[EventRounds "11"]
[EventCountry "GER"]
[SourceTitle "EXT 2005"]
[Source "ChessBase"]
[SourceDate "2004.11.15"]
[SourceVersion "1"]
[SourceVersionDate "2004.11.15"]
[SourceQuality "1"]

1. e4 c5 2. Nf3 d6 3. d4 cxd4 4. Nxd4 Nf6 5. Nc3 e6 6. Be2 Nc6 7. Be3 a6 8. 0-0 Be7 9. Kh1 0-0 10. f4 Qc7 11. Qe1 Re8 12. Qg3 Nd7 13. Rf2 Bf6 14. Rd1 Kh8 15. f5 Nde5 16. fxe6 fxe6 17. Rdf1 Nxd4 18. Bxd4 Qe7 19. Qf4 Nd7 20. Be3 Kg8 21. Bc4 Nf8 22. Rd2 Be5 23. Qf2 Ng6 24. g3 Rf8 25. Qg1 Rxf1 26. Qxf1 Bd7 27. Bd4 Rf8 28. Qg2 Bxd4 29. Rxd4 Ne5 30. Be2 Kf7 31. Rb4 Bc6 32. Rd4 Ke8 33. h3 Kd7 34. a4 Qf7 35. a5 Qf2 36. Na4 Kc7 1/2-1/2

[Event "GER-ch U12"]
[Site "Willingen"]
[Date "2004.06.02"]
[Round "8"]
[White "Giesler, Julius"]
[Black "Belger, Christian"]
[Result "1/2-1/2"]
[WhiteElo "1394"]
[BlackElo "1581"]
[PlyCount "47"]
[EventDate "2004.06.??"]
[EventType "swiss"]
[EventRounds "11"]
[EventCountry "GER"]
[SourceTitle "EXT 2005"]
[Source "ChessBase"]
[SourceDate "2004.11.15"]
[SourceVersion "1"]
[SourceVersionDate "2004.11.15"]
[SourceQuality "1"]

1. c4 Nf6 2. Nc3 g6 3. g3 Bg7 4. Bg2 0-0 5. Nf3 d6 6. 0-0 e5 7. h3 Ne8 8. d3 f5 9. Bg5 Nf6 10. Nd5 c6 11. Nxf6+ Bxf6 12. Bxf6 Qxf6 13. Nd2 Be6 14. Rb1 a5 15. f4 Nd7 16. e4 Qe7 17. Qe2 Rae8 18. Qe3 Qg7 19. b4 axb4 20. Rxb4 Rb8 21. Rfb1 Nc5 22. exf5 Bxf5 23. Bxc6 exf4 24. Bd5+ 1/2-1/2

[Event "Greifswald op"]
[Site "Greifswald"]
[Date "2004.01.03"]
[Round "3"]
[White "Fiedler, Thomas"]
[Black "Belger, Christian"]
[Result "0-1"]
[WhiteElo "1211"]
[BlackElo "1392"]
[PlyCount "62"]
[EventDate "2004.01.??"]
[EventType "swiss"]
[EventRounds "5"]
[EventCountry "GER"]
[SourceTitle "EXT 2005"]
[Source "ChessBase"]
[SourceDate "2004.11.15"]
[SourceVersion "1"]
[SourceVersionDate "2004.11.15"]
[SourceQuality "1"]

1. d4 Nf6 2. c4 g6 3. Nc3 Bg7 4. e4 0-0 5. Nf3 d6 6. Be2 Bg4 7. 0-0 Nbd7 8. b3 e5 9. d5 Nc5 10. Qc2 Ne8 11. Be3 b6 12. Bxc5 bxc5 13. Rac1 f5 14. Rfe1 Bh6 15. Rcd1 f4 16. Rd2 g5 17. Nxe5 Bxe2 18. Nc6 Qd7 19. Rdxe2 g4 20. f3 Kh8 21. e5 Qg7 22. Qd3 dxe5 23. Nxe5 gxf3 24. Qxf3 Nd6 25. h4 Nf5 26. Qg4 Ne3 27. Qxg7+ Bxg7 28. Nd7 Rfd8 29. Nxc5 Bxc3 30. Rxe3 fxe3 31. Rxe3 Bd4 0-1

[Event "Greifswald op"]
[Site "Greifswald"]
[Date "2003.08.29"]
[Round "3"]
[White "Skogvall, Martina"]
[Black "Belger, Christian"]
[Result "1-0"]
[WhiteElo "1911"]
[BlackElo "1470"]
[PlyCount "47"]
[EventDate "2003.08.??"]
[EventType "swiss"]
[EventRounds "7"]
[EventCountry "GER"]
[SourceTitle "EXT 2005"]
[Source "ChessBase"]
[SourceDate "2004.11.15"]
[SourceVersion "1"]
[SourceVersionDate "2004.11.15"]
[SourceQuality "1"]

1. e4 c5 2. Nf3 Nc6 3. d4 cxd4 4. Nxd4 g6 5. Nc3 Bg7 6. Be3 Nf6 7. Be2 0-0 8. 0-0 d6 9. f4 Bd7 10. Bf3 Rc8 11. Kh1 Na5 12. e5 dxe5 13. fxe5 Ne8 14. e6 fxe6 15. Bg4 Nc7 16. Rxf8+ Qxf8 17. Qe2 Qd8 18. Rd1 Qe8 19. Bf4 Qf7 20. Bxc7 Rxc7 21. Nxe6 Rc6 22. Rxd7 h5 23. Nd8 Qc4 24. Be6+ 1-0

[Event "Greifswald Klar op 1st"]
[Site "Greifswald"]
[Date "2003.07.12"]
[Round "6"]
[White "Belger, Christian"]
[Black "Zimmermann, Jens"]
[Result "1/2-1/2"]
[WhiteElo "1408"]
[BlackElo "1559"]
[PlyCount "35"]
[EventDate "2003.07.10"]
[EventType "swiss"]
[EventRounds "7"]
[EventCountry "GER"]
[SourceTitle "EXT 2005"]
[Source "ChessBase"]
[SourceDate "2004.11.15"]
[SourceVersion "1"]
[SourceVersionDate "2004.11.15"]
[SourceQuality "1"]

1. e4 c5 2. Nf3 Nf6 3. Nc3 Nc6 4. d4 d5 5. exd5 Nxd5 6. Nxd5 Qxd5 7. Be3 cxd4 8. Nxd4 Nxd4 9. Qxd4 Qa5+ 10. Bd2 Qc7 11. Bb5+ Bd7 12. Bxd7+ Qxd7 13. Qxd7+ Kxd7 14. Rd1 e5 15. Bc3+ Ke6 16. 0-0 Bc5 17. Rfe1 f6 18. Kf1 1/2-1/2

[Event "Greifswald Klar op 1st"]
[Site "Greifswald"]
[Date "2003.07.12"]
[Round "5"]
[White "Lueder, Robert"]
[Black "Belger, Christian"]
[Result "1/2-1/2"]
[WhiteElo "1235"]
[BlackElo "1408"]
[PlyCount "77"]
[EventDate "2003.07.10"]
[EventType "swiss"]
[EventRounds "7"]
[EventCountry "GER"]
[SourceTitle "EXT 2005"]
[Source "ChessBase"]
[SourceDate "2004.11.15"]
[SourceVersion "1"]
[SourceVersionDate "2004.11.15"]
[SourceQuality "1"]

1. c4 e5 2. Nc3 Nf6 3. Nf3 d6 4. g3 Be7 5. Bg2 0-0 6. 0-0 Nc6 7. d4 h6 8. dxe5 Nxe5 9. Nxe5 dxe5 10. Be3 c6 11. Qc2 Ng4 12. Qd2 Be6 13. h3 Nxe3 14. Qxe3 Qc7 15. b3 Rad8 16. Qxa7 Rd2 17. Rfd1 Rfd8 18. Rxd2 Rxd2 19. Bf1 f5 20. Rd1 Bg5 21. Rxd2 Bxd2 22. Na4 Bb4 23. Nc5 Bxc5 24. Qxc5 b6 25. Qe3 c5 26. Bg2 Qd6 27. Qd3 Qxd3 28. exd3 g5 29. Kf1 Kf7 30. Ke2 Ke7 31. h4 Kd6 32. a4 Bd7 33. hxg5 hxg5 34. Bh3 g4 35. Bg2 Bc6 36. Bxc6 Kxc6 37. f3 gxf3+ 38. Kxf3 Kd6 39. g4 1/2-1/2

[Event "GER-chT U12"]
[Site "Verden an der Aller"]
[Date "2002.12.29"]
[Round "5.4"]
[White "Kaase, Julian"]
[Black "Belger, Christian"]
[Result "0-1"]
[WhiteElo "1227"]
[BlackElo "1316"]
[PlyCount "104"]
[EventDate "2002.12.27"]
[EventType "team"]
[EventRounds "7"]
[EventCountry "GER"]
[SourceTitle "CBM 092 Extra"]
[Source "ChessBase"]
[SourceDate "2003.03.07"]
[SourceVersion "1"]
[SourceVersionDate "2003.03.07"]
[SourceQuality "1"]

1. d4 d5 2. c4 e6 3. Nc3 Nf6 4. Bg5 Be7 5. Nf3 0-0 6. e3 h6 7. Bh4 Nbd7 8. Bd3 b6 9. 0-0 Bb7 10. Re1 c5 11. Bg3 Rc8 12. b3 a6 13. Rc1 Kh8 14. h3 cxd4 15. exd4 Bb4 16. Re3 Re8 17. Qe2 Bxc3 18. Rxc3 a5 19. Ne5 Nxe5 20. Bxe5 Kg8 21. Kh2 Nd7 22. Bf4 Qf6 23. Be5 Nxe5 24. Rxe5 Qf4+ 25. Kg1 Qxd4 26. Re3 Qf6 27. Rf3 Qg5 28. Rg3 Qf6 29. Rf3 Qe7 30. Rg3 Kh8 31. Qe5 Qf6 32. Qxf6 gxf6 33. Be2 Rg8 34. Rg4 Rg5 35. Bf3 Kh7 36. Rc2 Rxg4 37. Bxg4 f5 38. Bh5 Kg7 39. a3 d4 40. Rd2 e5 41. g4 f4 42. h4 Kf6 43. Rd3 Be4 44. Rh3 b5 45. g5+ hxg5 46. hxg5+ Ke7 47. Be2 bxc4 48. Bxc4 a4 49. Rh6 axb3 50. Bxb3 Rc1+ 51. Bd1 Rxd1+ 52. Kh2 Rh1# 0-1

[Event "Greifswald Ryck op"]
[Site "Greifswald"]
[Date "2002.08.23"]
[Round "4"]
[White "Belger, Christian"]
[Black "Riess, Alexander"]
[Result "0-1"]
[WhiteElo "1256"]
[BlackElo "1008"]
[PlyCount "70"]
[EventDate "2002.08.??"]
[EventType "swiss"]
[EventRounds "7"]
[EventCountry "GER"]
[SourceTitle "EXT 2005"]
[Source "ChessBase"]
[SourceDate "2004.11.15"]
[SourceVersion "1"]
[SourceVersionDate "2004.11.15"]
[SourceQuality "1"]

1. e4 c5 2. d4 cxd4 3. c3 dxc3 4. Nxc3 Nc6 5. Bf4 d6 6. Nf3 Nf6 7. Bc4 e6 8. Qd2 Be7 9. Rd1 0-0 10. e5 dxe5 11. Qxd8 Rxd8 12. Rxd8+ Bxd8 13. Nxe5 Nxe5 14. Bxe5 a6 15. 0-0 b5 16. Rd1 Be7 17. Bb3 Ra7 18. a4 b4 19. Ne2 Rd7 20. Rc1 Bb7 21. Bc7 h6 22. Ba5 Bd5 23. Rc8+ Kh7 24. Bxd5 Rxd5 25. Rc1 Rxa5 26. b3 Rd5 27. Ng3 Rd3 28. Rb1 Bd6 29. Nf1 Ne4 30. f3 Nd2 31. Nxd2 Rxd2 32. Rc1 Rb2 33. Rc6 Be5 34. Rxa6 Rxb3 35. a5 Ra3 0-1